National Monuments of Zambia (Record no. 1266)

MARC details
000 -LEADER
fixed length control field 00638nam a22001937a 4500
005 - DATE AND TIME OF LATEST TRANSACTION
control field 20240527063928.0
008 - FIXED-LENGTH DATA ELEMENTS--GENERAL INFORMATION
fixed length control field 240527b |||||||| |||| 00| 0 eng d
040 ## - CATALOGING SOURCE
Original cataloging agency KMU
Transcribing agency KMU
Modifying agency KMU
Description conventions rda
050 ## - LIBRARY OF CONGRESS CALL NUMBER
Classification number DT 8733
100 ## - MAIN ENTRY--PERSONAL NAME
Personal name Philipson D.W
245 ## - TITLE STATEMENT
Title National Monuments of Zambia
Statement of responsibility, etc. D.W.Philipson and the Commission for the preservation of Natural and Historical Monuments and Relics.
260 ## - PUBLICATION, DISTRIBUTION, ETC.
Place of publication, distribution, etc. Lusaka:
Name of publisher, distributor, etc. Zambia Information Services,
Date of publication, distribution, etc. 1972.
300 ## - PHYSICAL DESCRIPTION
Extent vii,71 P.:
Other physical details ill.;
Dimensions 19cm.
500 ## - GENERAL NOTE
General note Includes an index
650 ## - SUBJECT ADDED ENTRY--TOPICAL TERM
Topical term or geographic name entry element National Monuments Commission
650 ## - SUBJECT ADDED ENTRY--TOPICAL TERM
Topical term or geographic name entry element Historical sites
650 ## - SUBJECT ADDED ENTRY--TOPICAL TERM
Topical term or geographic name entry element Zambia
942 ## - ADDED ENTRY ELEMENTS (KOHA)
Source of classification or shelving scheme Library of Congress Classification
Koha item type Non-Fiction
Suppress in OPAC No
Holdings
Withdrawn status Lost status Source of classification or shelving scheme Damaged status Use restrictions Not for loan Collection Home library Current library Shelving location Date acquired Source of acquisition Total Checkouts Full call number Barcode Date last seen Date last checked out Price effective from Koha item type
    Library of Congress Classification   Restricted Access Not For Loan Non-fiction Kapasa Makasa University Kapasa Makasa University Special Collection 27.05.2024 CBU 2 DT 8733 Ph 722400 23.09.2024 26.07.2024 27.05.2024 Non-Fiction